Directory of adult and community education agencies in Zimbabwe. (Record no. 125526)
[ view plain ]
| 000 -LEADER | |
|---|---|
| fixed length control field | 01085cam a2200289 a 4500 |
| 001 - CONTROL NUMBER | |
| control field | 3349802 |
| 003 - CONTROL NUMBER IDENTIFIER | |
| control field | ARRUPE |
| 005 - DATE AND TIME OF LATEST TRANSACTION | |
| control field | 20161017141119.0 |
| 008 - FIXED-LENGTH DATA ELEMENTS--GENERAL INFORMATION | |
| fixed length control field | 860225s1983 rh r f001 0 eng |
| 010 ## - LIBRARY OF CONGRESS CONTROL NUMBER | |
| LC control number | 85980326 |
| 040 ## - CATALOGING SOURCE | |
| Original cataloging agency | DLC |
| Transcribing agency | DLC |
| Modifying agency | DLC |
| 043 ## - GEOGRAPHIC AREA CODE | |
| Geographic area code | f-rh--- |
| 050 00 - LIBRARY OF CONGRESS CALL NUMBER | |
| Classification number | REF LC5258.Z55Z57 1983 |
| 082 00 - DEWEY DECIMAL CLASSIFICATION NUMBER | |
| Classification number | 374/.96891 |
| Edition number | 19 |
| 300 ## - PHYSICAL DESCRIPTION | |
| Dimensions | 20 cm. |
| 110 ## - MAIN ENTRY--CORPORATE NAME | |
| Corporate name or jurisdiction name as entry element | Zimbabwe Non-Formal Education Section |
| 9 (RLIN) | 26795 |
| 245 10 - TITLE STATEMENT | |
| Title | Directory of adult and community education agencies in Zimbabwe. |
| Statement of responsibility, etc | by Zimbabwe Non-Formal Education Section |
| 260 ## - PUBLICATION, DISTRIBUTION, ETC. (IMPRINT) | |
| Place of publication, distribution, etc | Harare |
| Name of publisher, distributor, etc | Ministry of Education and Culture, Non-formal Education Section, |
| Date of publication, distribution, etc | 1983 |
| 300 ## - PHYSICAL DESCRIPTION | |
| Extent | vii, 214 p.; |
| 500 ## - GENERAL NOTE | |
| General note | "January 1983." |
| 500 ## - GENERAL NOTE | |
| General note | Includes index. |
| 650 #0 - SUBJECT ADDED ENTRY--TOPICAL TERM | |
| Topical term or geographic name as entry element | Adult education |
| Geographic subdivision | Zimbabwe |
| General subdivision | Directories. |
| 9 (RLIN) | 26796 |
| 650 #0 - SUBJECT ADDED ENTRY--TOPICAL TERM | |
| Topical term or geographic name as entry element | Occupational training |
| Geographic subdivision | Zimbabwe |
| General subdivision | Directories. |
| 9 (RLIN) | 26797 |
| 650 #0 - SUBJECT ADDED ENTRY--TOPICAL TERM | |
| Topical term or geographic name as entry element | Non-formal education |
| Geographic subdivision | Zimbabwe |
| General subdivision | Information services |
| -- | Directories. |
| 9 (RLIN) | 26798 |
| 710 1# - ADDED ENTRY--CORPORATE NAME | |
| Corporate name or jurisdiction name as entry element | Zimbabwe. |
| Subordinate unit | Non-formal Education Section. |
| 9 (RLIN) | 26799 |
| 906 ## - LOCAL DATA ELEMENT F, LDF (RLIN) | |
| a | 7 |
| b | cbc |
| c | orignew |
| d | 3 |
| e | ncip |
| f | 19 |
| g | y-gencatlg |
| 942 ## - ADDED ENTRY ELEMENTS (KOHA) | |
| Source of classification or shelving scheme | Library of Congress Classification |
| Koha item type | Monograph ( Printed materials) |
| Withdrawn status | Lost status | Source of classification or shelving scheme | Damaged status | Not for loan | Collection code | Home library | Current library | Shelving location | Date acquired | Total Checkouts | Full call number | Barcode | Date last seen | Price effective from | Koha item type |
|---|---|---|---|---|---|---|---|---|---|---|---|---|---|---|---|
| Library of Congress Classification | Main Collection | ARRUPE LIBRARY | ARRUPE LIBRARY | Main Collection | 17/10/2016 | REF LC5258.Z55Z57 1983 | 46500010783 | 17/10/2016 | 17/10/2016 | REFERENCE |